00416nam a2200169Ia 4500003000400000005001700004008004000021020001800061040000700079041000800086082001900094100002100113245005300134260003100187300000700218700002100225OSt20240808171953.0210210b1995 xxu||||| |||| 00| 0 eng d a81 7201 845 2 cAL aEng a809.88914 SAHR aSAHITYA AKADEMI. aRahul Sankrityayan: Makers of Indian literature  aN DbSahitya Akademic1995 a60 aPrabhakar Machwe